Sociedades de Transição: Luta de Classes e Ideologia Proletária (Registo nº 200954)

Detalhes MARC
000 -Etiqueta do registo
Valores 00739nam 22002173 4500
100 ## - Dados gerais de processamento
Dados gerais 20260304d u||y0pory50 ba
101 ## - Língua de publicação
Língua Português
200 ## - Titulo e menção de responsabilidade
Título próprio Sociedades de Transição: Luta de Classes e Ideologia Proletária
Primeira menção de responsabilidade Paul Sweezy e Charles Bettelheim
Outras menções de responsabilidade Tradução de Alberto Saraiva
210 ## - Publicação
Local de publicação Porto
Nome do editor Portucalense Editora
Data de publicação 1971
215 ## - Descrição física 
Paginação / Volumes 98, [2] p.
Outras indicações físicas Brochado
Dimensões 19 cm
225 ## - Colecção 
Título próprio da colecção Textos de Apoio
Indicação de volume 3
300 ## - Notas gerais 
Texto da nota Política
606 ## - Nome comum usado como assunto
ID Autoridade 4713
Palavra de ordem Ciências Sociais Política
675 ## - CDU
Notação 323.4(042)/SWE/SOC
Edição PT
Língua por
700 ## - Autor principal (pessoa individual)
ID Autoridade 6870
Apelido Sweezy
Nome Paul M.
Datas 1910-2004
701 ## - Co-autor principal (pessoa individual)
ID Autoridade 12437
Apelido Bettelheim
Nome Charles
801 ## - Fonte de origem
País PT
Agência BMMN
Regras de catalogação RPC
830 ## - Notas gerais do catalogador
Criado por Carlos Pinto
Data de criação 04-03-2026
Indexado por Carlos Pinto
990 ## - Elementos KOHA
Tipo de documento Livro
Exemplares
Situação do levantamento Biblioteca de origem Código de barras Cota Permissão de empréstimo Tipo de documento Forma de aquisição
  Escola Secundária de Montemor-o-Novo 30218 323.4(042)/SWE/SOC   Livro Compra

Powered by Koha